| 000 | 00554nam a2200229 a 4500 | ||
|---|---|---|---|
| 001 | nice12345678 | ||
| 003 | IN_TiNIC | ||
| 005 | 20260116012126.0 | ||
| 008 | 050524s1978 dela grp 000 0 urd | ||
| 020 |
_a _c100 |
||
| 082 | 0 | 0 |
_a297.61 _bIDA |
| 245 | _aAshiqan-E-Islam. | ||
| 260 |
_aDelhi _bIdara Matbu`at Islamia _c1978 |
||
| 300 | _a111p | ||
| 500 | _aincludes index and biblioraphy | ||
| 505 | 2 | _abibliography | |
| 650 | _aIslam-Biography-Rijal | ||
| 710 | 2 | _aIdara Tasneef-O-Taleef | |
| 902 | _bSRS | ||
| 942 | _cBK | ||
| 999 |
_c5745 _d5745 |
||